[Event "chess.com Speed 2020"]
[Site "chess.com INT"]
[Date "2020.12.13"]
[Round "4.37"]
[White "Nakamura,Hi"]
[Black "Vachier Lagrave,M"]
[Result "1-0"]
[WhiteElo "2736"]
[BlackElo "2784"]

1.Nf3 Nf6 2.b3 g6 3.Bb2 Bg7 4.e3 O-O 5.d4 d6 6.Be2 Nbd7 7.O-O b6 8.c4 Bb7
9.Nc3 e6 10.Qc2 c5 11.Rad1 Qe7 12.Rfe1 a6 13.dxc5 Nxc5 14.Nd2 Rfd8 15.Bf3 Rac8
16.Bxb7 Qxb7 17.Qb1 d5 18.cxd5 Nxd5 19.Nxd5 Rxd5 20.Bxg7 Kxg7 21.Nf3 Rcd8
22.h4 h6 23.Rxd5 Qxd5 24.Qb2+ Kg8 25.Qc3 Ne4 26.Qc7 Qd6 27.Qxd6 Rxd6 28.Rc1 Kg7
29.Kf1 a5 30.Ke2 Nc5 31.Nd2 Nd3 32.Rc7 b5 33.Ne4 Rd8 34.g4 a4 35.bxa4 bxa4
36.g5 h5 37.Rc4 a3 38.Rc3 Nb4 39.Rxa3 Rc8 40.Rc3 Ra8 41.a3 Nd5 42.Rb3 Ra4
43.f3 Kf8 44.Rb8+ Ke7 45.Rb7+ Kf8 46.Nd6 Rxa3 47.Rxf7+ Kg8 48.e4 Nc3+ 49.Kf2 Nb5
50.Rd7 Rd3 51.Rd8+ Kh7 52.Nf7 Rxd8 53.Nxd8 Nc7 54.Ke3 Kg7 55.Kd4 Kf8 56.Ke5 Ke7
57.Nc6+ Kf7 58.Nd4 Ke7 59.f4 Kf7 60.Kd6 Ne8+ 61.Kd7  1-0

[Event "chess.com Speed 2020"]
[Site "chess.com INT"]
[Date "2020.12.13"]
[Round "4.36"]
[White "Vachier Lagrave,M"]
[Black "Nakamura,Hi"]
[Result "0-1"]
[WhiteElo "2784"]
[BlackElo "2736"]

1.e4 e5 2.Nf3 Nc6 3.Bb5 a6 4.Ba4 g6 5.O-O Bg7 6.c3 b5 7.Bc2 d6 8.a4 Rb8 9.axb5 axb5
10.d4 exd4 11.cxd4 Bg4 12.Be3 Nge7 13.Nc3 O-O 14.Ne2 d5 15.e5 Nf5 16.Bxf5 Bxf5
17.Ng3 Bd7 18.Qd2 f6 19.exf6 Qxf6 20.Rfc1 Bg4 21.Ra6 Rb6 22.Rxb6 cxb6 23.Ne5 Nxe5
24.dxe5 Qxe5 25.Bxb6 Qxb2 26.Qxd5+ Kh8 27.Re1 b4 28.h3 Bc8 29.Bc5 Rg8 30.Ne4 h6
31.Nd6 b3 32.Kh2 Qc2 33.Bd4 b2 34.Bxg7+ Rxg7 35.Nxc8 Qxc8 36.Qb5 Qc7+ 37.g3 Qb7
38.Qe8+ Kh7 39.Rb1 Qb6 40.Qe2 Rb7 41.h4 h5 42.Kg2 Qd4 43.Qc2 Qf6 44.Kh2 Kg7
45.Kg2 Qd4 46.Kh2 Kh6 47.Kg2 Kh7 48.Kh2 Qb4 49.Kg2 Qa3 50.Kh2 Qa2 51.Kg2 Qa8
52.Kh2 Qb8 53.Kg2 Rb6 54.Kh2 Rb4 55.Kg2 Kg7 56.Kh2 Rxh4+ 57.Kg1 Rb4 58.Qc3+ Kh7
59.Qc2 Qb7 60.Qd3 h4 61.Qc3 h3 62.f3 Rb3 63.Qf6 Rxf3 64.Rxb2 Qa7+ 65.Qb6 Rxg3+
66.Kh2 Qxb6 67.Rxb6 Rd3 68.Rb5 Kh6 69.Rb4 Kh5 70.Rb5+ g5 71.Rb4 g4  0-1

[Event "chess.com Speed 2020"]
[Site "chess.com INT"]
[Date "2020.12.13"]
[Round "4.35"]
[White "Nakamura,Hi"]
[Black "Vachier Lagrave,M"]
[Result "1-0"]
[WhiteElo "2736"]
[BlackElo "2784"]

1.b3 Nf6 2.Bb2 g6 3.Nf3 Bg7 4.e3 O-O 5.d4 b6 6.Be2 Bb7 7.O-O e6 8.c4 d6 9.Nc3 Nbd7
10.Qc2 c5 11.Rad1 Qe7 12.Rfe1 a6 13.e4 cxd4 14.Nxd4 Rfd8 15.Bf1 Nc5 16.g3 Rac8
17.Bg2 h5 18.h3 h4 19.g4 e5 20.Nf3 Ne6 21.Bc1 Nh7 22.Nd5 Bxd5 23.exd5 Neg5
24.Nd4 Qf6 25.Nc6 Re8 26.Qd3 e4 27.Bxe4 Qc3 28.Kg2 Nxe4 29.Rxe4 Qxd3 30.Rxe8+ Rxe8
31.Rxd3 Re2 32.a4 Nf6 33.Bf4 Bf8 34.Bg5 Nd7 35.Re3 Rb2 36.Bxh4 Nc5 37.b4 Nxa4
38.Bf6  1-0

[Event "chess.com Speed 2020"]
[Site "chess.com INT"]
[Date "2020.12.13"]
[Round "4.34"]
[White "Vachier Lagrave,M"]
[Black "Nakamura,Hi"]
[Result "0-1"]
[WhiteElo "2784"]
[BlackElo "2736"]

1.e4 e5 2.Nf3 Nc6 3.Bb5 a6 4.Ba4 g6 5.O-O Bg7 6.c3 b5 7.Bc2 d6 8.a4 Rb8 9.axb5 axb5
10.d4 exd4 11.cxd4 Nge7 12.d5 Nb4 13.Bb3 O-O 14.Nc3 Na6 15.Be3 Nc5 16.Bc2 b4
17.Bxc5 bxc3 18.Bd4 cxb2 19.Bxg7 Kxg7 20.Qd4+ f6 21.Rab1 c5 22.dxc6 Nxc6
23.Qc3 Qb6 24.Rfd1 Ne5 25.Rd2 Be6 26.Nd4 Ba2 27.Re1 Rfc8 28.Qa3 Rxc2 29.Nxc2 b1=Q
30.Rxd6 Q6b2 31.Qa7+ Rb7  0-1

[Event "chess.com Speed 2020"]
[Site "chess.com INT"]
[Date "2020.12.13"]
[Round "4.33"]
[White "Nakamura,Hi"]
[Black "Vachier Lagrave,M"]
[Result "1/2-1/2"]
[WhiteElo "2736"]
[BlackElo "2784"]

1.e4 c5 2.Nc3 Nc6 3.Nf3 g6 4.d4 cxd4 5.Nxd4 Bg7 6.Be3 Nf6 7.Bc4 O-O 8.Bb3 d6
9.h3 Nxd4 10.Bxd4 Bd7 11.O-O Bc6 12.Qd3 a5 13.a3 Nd7 14.Bxg7 Kxg7 15.Ba2 Qb6
16.Rab1 Rac8 17.Kh1 Nf6 18.f4 Rfd8 19.Rfe1 e6 20.Kh2 d5 21.e5 Ne4 22.Ne2 Bb5
23.Qd4 Qa6 24.Qe3 Rxc2 25.Nd4 Rcc8 26.Rbd1 Bd7 27.Bb1 Bc6 28.g4 Kg8 29.f5 Qb6
30.Re2 Qc7 31.Nf3 d4 32.Qf4 d3 33.Rxd3 Rxd3 34.Bxd3 Nc5 35.f6 Qd8 36.Bc2 Bxf3
37.Qxf3 Qd4 38.Qe3 Qxe3 39.Rxe3 Rd8 40.Rc3 b6 41.b4 axb4 42.axb4 Na6 43.Rc4 b5
44.Rc3 Nxb4 45.Be4 h6 46.h4 Nd5 47.Rc5 Ne3 48.Kg3 b4 49.Rb5 Nc4 50.g5 hxg5
51.hxg5 b3 52.Kf4 b2 53.Bb1 Rd1 54.Bc2 Rd4+ 55.Kf3 Rd5 56.Rb8+ Kh7 57.Rb7 Nxe5+
58.Kf4 Rc5 59.Be4 Ra5 60.Rxb2 Nd7 61.Rb7 Ne5 62.Rc7 Kg8 63.Rb7 Kh7 64.Rb8 Nd7
65.Rd8 Ne5 66.Rf8 Rc5 67.Ra8 Rb5 68.Ra7 Rc5 69.Rb7 Ra5  1/2-1/2

[Event "chess.com Speed 2020"]
[Site "chess.com INT"]
[Date "2020.12.13"]
[Round "4.32"]
[White "Vachier Lagrave,M"]
[Black "Nakamura,Hi"]
[Result "1-0"]
[WhiteElo "2784"]
[BlackElo "2736"]

1.e4 e5 2.Nf3 Nc6 3.Bc4 Bc5 4.O-O Nf6 5.d3 d6 6.c3 O-O 7.Nbd2 h6 8.Re1 a5
9.Nf1 Bb6 10.Bb3 Be6 11.Bc2 Re8 12.Ng3 d5 13.h3 d4 14.Qe2 a4 15.c4 a3 16.bxa3 Nd7
17.Rb1 Ba5 18.Rf1 Nc5 19.Nh2 Ne7 20.Ng4 Ng6 21.Nh5 Ra6 22.g3 f5 23.exf5 Bxf5
24.Rb5 e4 25.Rxc5 exd3 26.Qf3 Be4 27.Qxe4 Rxe4 28.Bxd3 Ree6 29.Rd5 Qe8 30.c5 Kh7
31.Nf4 Re4 32.Bxa6 bxa6 33.c6 Bb6 34.Rd7 Kg8 35.Nh5 Qe6 36.Nxg7 Qxc6 37.Nf5 Re6
38.Ngxh6+ Kf8 39.Rg7 Ke8 40.Bg5 d3 41.Ng4 Nf8 42.Be3 Bxe3 43.Ngxe3 Qc5 44.Rg4 d2
45.Ng7+ Kf7 46.Nxe6 Nxe6 47.Rd1 Qxa3 48.Rxd2 c5 49.Rd7+ Ke8 50.Ra7 Kf8 51.Rh4 Kg8
52.Kg2 Qxa2 53.Re4 Qb3 54.Re7 Nd4 55.Re8+ Kf7 56.R4e7+ Kg6 57.h4 Qb6 58.g4 Qc6+
59.Re4 Kf7 60.Re5 c4 61.Nd5 Nb5 62.Rf5+ Kg7 63.Re7+ Kg8 64.Re4 c3 65.Ne7+  1-0

[Event "chess.com Speed 2020"]
[Site "chess.com INT"]
[Date "2020.12.13"]
[Round "4.31"]
[White "Nakamura,Hi"]
[Black "Vachier Lagrave,M"]
[Result "0-1"]
[WhiteElo "2736"]
[BlackElo "2784"]

1.Nf3 c5 2.b3 Nf6 3.Bb2 e6 4.e3 Be7 5.d4 b6 6.Bd3 Bb7 7.O-O d5 8.Nbd2 Nbd7
9.c4 O-O 10.Qe2 cxd4 11.Nxd4 Nc5 12.Bc2 dxc4 13.Nxc4 Qd5 14.f3 Rfd8 15.Rfd1 Qh5
16.b4 Ncd7 17.a3 Rac8 18.Bb3 Bd5 19.Rac1 Nf8 20.e4 Bb7 21.Ne5 Rxc1 22.Rxc1 Bd6
23.Ndc6 Bxc6 24.g4 Bb5 25.Qxb5 Qh6 26.Re1 Ng6 27.Re2 Bxe5 28.Bxe5 Qg5  0-1

[Event "chess.com Speed 2020"]
[Site "chess.com INT"]
[Date "2020.12.13"]
[Round "4.210"]
[White "Vachier Lagrave,M"]
[Black "Nakamura,Hi"]
[Result "1/2-1/2"]
[WhiteElo "2784"]
[BlackElo "2736"]

1.e4 e5 2.Nf3 Nc6 3.Bb5 a6 4.Ba4 g6 5.O-O Bg7 6.c3 b5 7.Bc2 Nge7 8.d4 exd4
9.cxd4 d5 10.exd5 Nxd5 11.Re1+ Be6 12.Nc3 O-O 13.Bg5 Nxc3 14.bxc3 Qd7 15.Nd2 b4
16.Ne4 bxc3 17.Nf6+ Bxf6 18.Bxf6 Bd5 19.Re3 Qd6 20.Be5 Nxe5 21.dxe5 Qc5 22.Qe1 Rab8
23.Rxc3 Qa5 24.Bb3 Rfe8 25.Re3 Qxe1+ 26.Raxe1 Bxb3 27.axb3 Rb5 28.g3 Reb8
29.Rc1 Rxb3 30.Rxb3 Rxb3 31.Rxc7 g5 32.Ra7 Rb5 33.Rxa6 Rxe5  1/2-1/2

[Event "chess.com Speed 2020"]
[Site "chess.com INT"]
[Date "2020.12.13"]
[Round "4.16"]
[White "Vachier Lagrave,M"]
[Black "Nakamura,Hi"]
[Result "1/2-1/2"]
[WhiteElo "2784"]
[BlackElo "2736"]

1.e4 e5 2.Nf3 Nc6 3.Bc4 Bc5 4.c3 Nf6 5.d3 d6 6.O-O a5 7.Re1 h6 8.Nbd2 O-O
9.Nf1 Ne7 10.Bb3 Ng6 11.d4 Bb6 12.h3 exd4 13.cxd4 d5 14.e5 Ne4 15.Be3 c6
16.N3d2 Nxd2 17.Nxd2 Bf5 18.Nf1 Nh4 19.Ng3 Bh7 20.Bc2 Bxc2 21.Qxc2 Qd7 22.a4 Rae8
23.Ra3 f6 24.Rb3 Ba7 25.exf6 Rxf6 26.Qc3 Rfe6 27.Ra3 Bb8 28.Raa1 Qd6 29.Bd2 Nf5
30.Rxe6 Rxe6 31.Re1 Nxg3 32.fxg3 Rxe1+ 33.Bxe1 Qe7 34.Bf2 Bc7 35.Qb3 Bd6
36.Kf1 Bb4 37.Qf3 Qe6 38.g4 b5 39.b3 bxa4 40.bxa4 Qe8 41.Qf5 Bc3 42.Qd3 Bb4
43.Qf5 Bc3 44.Qd3 Bb4 45.Qf5  1/2-1/2

[Event "chess.com Speed 2020"]
[Site "chess.com INT"]
[Date "2020.12.13"]
[Round "4.28"]
[White "Vachier Lagrave,M"]
[Black "Nakamura,Hi"]
[Result "0-1"]
[WhiteElo "2784"]
[BlackElo "2736"]

1.e4 e5 2.Nf3 Nc6 3.Bb5 a6 4.Ba4 g6 5.O-O Bg7 6.c3 b5 7.Bc2 Nge7 8.d4 exd4
9.cxd4 d6 10.h3 O-O 11.Nc3 Na5 12.Bf4 Bb7 13.Qc1 f5 14.Bh6 fxe4 15.Bxg7 Kxg7
16.Bxe4 Bxe4 17.Nxe4 Nd5 18.Re1 Qd7 19.b3 Rae8 20.Ng3 Rxe1+ 21.Qxe1 Nc6 22.Qe4 Nf6
23.Qh4 Re8 24.Re1 Rxe1+ 25.Nxe1 Qe7 26.Nc2 Qe6 27.Qf4 Ne7 28.Qf3 Ned5 29.Ne3 h5
30.Nxd5 Nxd5 31.Ne4 Qf5 32.Qe2 Qe6 33.Qc2 Qf5 34.a3 h4 35.b4 Kh6 36.f3 Qf4
37.Qc6 Qe3+ 38.Kh2 Qxd4 39.Qxa6 Qe5+ 40.Kg1 Qa1+ 41.Kh2 Ne3 42.Qxb5 d5 43.Nd2 Qe1
44.Qd3 Qg3+  0-1

[Event "chess.com Speed 2020"]
[Site "chess.com INT"]
[Date "2020.12.13"]
[Round "4.27"]
[White "Nakamura,Hi"]
[Black "Vachier Lagrave,M"]
[Result "1-0"]
[WhiteElo "2736"]
[BlackElo "2784"]

1.e4 c5 2.Nf3 d6 3.Bc4 Nf6 4.d3 a6 5.a4 e6 6.O-O b6 7.Bb3 Bb7 8.Nbd2 Be7
9.Re1 Nbd7 10.c3 O-O 11.d4 Qc7 12.e5 Nd5 13.Ne4 dxe5 14.dxe5 Rfd8 15.Bc2 c4
16.Qe2 Nxe5 17.Nxe5 Qxe5 18.Qxc4 Rac8 19.Qf1 Qc7 20.Bg5 h6 21.Bxe7 Nxe7 22.Qe2 Ng6
23.Qe3 Ne5 24.Qe2 Nc4 25.b3 Nd6 26.c4 Nf5 27.f3 Nd4 28.Qf2 Bxe4 29.Rxe4 Qc5
30.Bd1 Rd7 31.a5 bxa5 32.Qe3 Rcd8 33.Kh1 Qb4 34.Qe1 Nxb3 35.Qxb4 Nxa1 36.Qxa5 Rxd1+
37.Re1 Rxe1+ 38.Qxe1 Nc2 39.Qe2 Nd4 40.Qa2 Nf5 41.Kg1 Rd6 42.c5 Rc6 43.Qa5 Kh7
44.Kf2 Ne7 45.Qb4 Nd5 46.Qd4 Rc7 47.f4 g6 48.g4 Kg8 49.f5 gxf5 50.gxf5 Rc6
51.f6 Kf8 52.Qe5 Ke8 53.Qb8+ Kd7 54.Qf8 Rxc5 55.Qxc5  1-0

[Event "chess.com Speed 2020"]
[Site "chess.com INT"]
[Date "2020.12.13"]
[Round "4.26"]
[White "Vachier Lagrave,M"]
[Black "Nakamura,Hi"]
[Result "1/2-1/2"]
[WhiteElo "2784"]
[BlackElo "2736"]

1.e4 e5 2.Nf3 Nc6 3.Bc4 Bc5 4.c3 Nf6 5.d3 d6 6.O-O h6 7.Nbd2 a5 8.Re1 O-O
9.Nf1 Be6 10.Bb5 Ne7 11.d4 exd4 12.cxd4 Bb6 13.Ng3 d5 14.e5 Ne4 15.Bd3 Nxg3
16.hxg3 Bg4 17.Bc2 c5 18.dxc5 Bxc5 19.Be3 Rc8 20.Bxc5 Rxc5 21.Qd2 Qc7 22.Bd3 Nc6
23.Qe3 Nb4 24.Nd4 Nxd3 25.Qxd3 Qb6 26.f3 Bd7 27.Qd2 Rfc8 28.Kh2 Qg6 29.g4 h5
30.gxh5 Qxh5+ 31.Kg1 a4 32.Qf2 a3 33.bxa3 Rc3 34.Rab1 b5 35.a4 bxa4 36.Rb7 R3c7
37.Rxc7 Rxc7 38.Qg3 Rc4 39.e6 fxe6 40.Nxe6 Bxe6 41.Rxe6 Rc1+ 42.Re1 Qh6 43.Qb8+ Kh7
44.Rxc1 Qxc1+ 45.Kh2 d4 46.Qe5 Qh6+ 47.Kg3 Qg6+ 48.Kf2 Qc2+ 49.Kg3 Qg6+ 50.Kf2 Qc2+
51.Kg3 Qg6+  1/2-1/2

[Event "chess.com Speed 2020"]
[Site "chess.com INT"]
[Date "2020.12.13"]
[Round "4.25"]
[White "Nakamura,Hi"]
[Black "Vachier Lagrave,M"]
[Result "0-1"]
[WhiteElo "2736"]
[BlackElo "2784"]

1.e4 c5 2.Nf3 d6 3.Bc4 Nf6 4.d3 a6 5.a4 e6 6.Bb3 b6 7.O-O Bb7 8.c3 Nbd7 9.Nbd2 Be7
10.Re1 O-O 11.Bc2 b5 12.d4 Qc7 13.e5 Nd5 14.Ne4 dxe5 15.dxe5 Rfd8 16.Ng3 Nf8
17.Qe2 c4 18.axb5 axb5 19.Rxa8 Rxa8 20.h4 b4 21.cxb4 Nxb4 22.Bb1 Rd8 23.h5 Nd3
24.Bxd3 cxd3 25.Qe3 Bxf3 26.gxf3 Qc2 27.Qd2 Nd7 28.Kg2 Nc5 29.Nf1 Nb3 30.Qf4 Rd4
31.Qe3 h6 32.f4 Bb4  0-1

[Event "chess.com Speed 2020"]
[Site "chess.com INT"]
[Date "2020.12.13"]
[Round "4.24"]
[White "Vachier Lagrave,M"]
[Black "Nakamura,Hi"]
[Result "1-0"]
[WhiteElo "2784"]
[BlackElo "2736"]

1.e4 e5 2.Nf3 Nc6 3.Bb5 a6 4.Ba4 g6 5.O-O Bg7 6.c3 Nge7 7.d4 b5 8.Bc2 exd4
9.cxd4 O-O 10.h3 d6 11.Nc3 Na5 12.Bf4 Bb7 13.Qc1 c5 14.d5 b4 15.Ne2 Nc4 16.b3 Na3
17.Bh6 Nxc2 18.Bxg7 Kxg7 19.Qxc2 f6 20.Nf4 Bc8 21.Nd2 Bd7 22.Nc4 Nc8 23.a4 Qe7
24.Rfe1 Rb8 25.Nd3 g5 26.Re3 Be8 27.f4 Nb6 28.Nxb6 Rxb6 29.Rf1 Bg6 30.Nb2 gxf4
31.Rxf4 Rbb8 32.Nc4 Rbe8 33.Qf2 Qd8 34.Qg3 Kh8 35.Rh4 f5 36.exf5 Rxe3 37.Nxe3 Bxf5
38.Rh6 Qe7 39.Nxf5 Rxf5 40.Rxd6 Rg5 41.Qf4 c4 42.Re6 Qc5+  1-0

[Event "chess.com Speed 2020"]
[Site "chess.com INT"]
[Date "2020.12.13"]
[Round "4.23"]
[White "Nakamura,Hi"]
[Black "Vachier Lagrave,M"]
[Result "1-0"]
[WhiteElo "2736"]
[BlackElo "2784"]

1.e4 c5 2.Nf3 d6 3.Bc4 Nf6 4.d3 a6 5.a4 e6 6.Bb3 b6 7.O-O Bb7 8.Nbd2 Be7
9.Re1 O-O 10.c3 Nbd7 11.d4 b5 12.Bc2 Qc7 13.e5 Nd5 14.Ne4 dxe5 15.dxe5 Nxe5
16.Nxe5 Qxe5 17.Ng5 Qf6 18.Bxh7+ Kh8 19.Qh5  1-0

[Event "chess.com Speed 2020"]
[Site "chess.com INT"]
[Date "2020.12.13"]
[Round "4.22"]
[White "Vachier Lagrave,M"]
[Black "Nakamura,Hi"]
[Result "1/2-1/2"]
[WhiteElo "2784"]
[BlackElo "2736"]

1.e4 e5 2.Nf3 Nc6 3.Bb5 a6 4.Ba4 g6 5.O-O Bg7 6.c3 Nge7 7.d4 b5 8.Bc2 exd4
9.cxd4 O-O 10.h3 d6 11.Nc3 Na5 12.e5 dxe5 13.dxe5 Bb7 14.Ne4 Nec6 15.Qe1 Nd4
16.Nxd4 Qxd4 17.Qxa5 Bxe4 18.Rd1 Qxe5 19.Re1 f5 20.Bxe4 fxe4 21.Be3 c5 22.Rad1 Qxb2
23.Bxc5 Bc3 24.Qb6 Bxe1 25.Qe6+ Rf7 26.Rxe1 Qc2 27.Bd4 Rf8 28.Qe5 Rf6 29.Qd5+ R6f7
30.Qe5 Rf6 31.Qd5+ R6f7 32.Qe5  1/2-1/2

[Event "chess.com Speed 2020"]
[Site "chess.com INT"]
[Date "2020.12.13"]
[Round "4.21"]
[White "Nakamura,Hi"]
[Black "Vachier Lagrave,M"]
[Result "1/2-1/2"]
[WhiteElo "2736"]
[BlackElo "2784"]

1.e4 c5 2.Nf3 d6 3.Bc4 Nf6 4.d3 a6 5.a4 e6 6.Bb3 b6 7.O-O Bb7 8.Re1 Be7 9.c3 O-O
10.Nbd2 b5 11.Nf1 Nbd7 12.Ng3 Re8 13.d4 Qc7 14.h3 Bf8 15.Bc2 Rad8 16.axb5 axb5
17.Qe2 Bc6 18.Bg5 h6 19.Bd2 Qb7 20.Bd3 g6 21.Nh2 Bg7 22.Bc2 Ra8 23.Rad1 Ra2
24.Bc1 Ra1 25.e5 dxe5 26.dxe5 Nh7 27.f4 c4 28.Ne4 Bxe4 29.Bxe4 Qc7 30.Be3 Rxd1
31.Rxd1 Nc5 32.Bc2 Bf8 33.Ng4 Rd8 34.Kh2 h5 35.Nf2 Be7 36.Ra1 Nf8 37.g4 hxg4
38.hxg4 g5 39.Rh1 gxf4 40.Bxf4 Bf6 41.Kg2 Bg7 42.Qe3 Ng6 43.Bxg6 fxg6 44.g5 Nd3
45.Nxd3 cxd3 46.Qe4 Qc4 47.Kf3 Rf8 48.Ke3 Rf5 49.Rd1 Bf8 50.Rxd3 Bc5+ 51.Kf3 Be7
52.Qxc4 bxc4 53.Rd4 Bxg5 54.Rxc4 Bxf4 55.Rxf4 Rxe5 56.b4 g5 57.Rd4 Kf7 58.Rd1 Ke7
59.c4 Rf5+ 60.Ke3 Rf4 61.Rc1 Kd6 62.c5+ Kc6 63.b5+ Kxb5 64.c6 Rf8 65.c7 Rc8
66.Ke4 Kb6 67.Ke5 Rxc7 68.Rb1+ Kc6 69.Kxe6 g4 70.Kf5 g3 71.Kf4 Rb7 72.Rc1+ Kd5
73.Kxg3 Rb3+  1/2-1/2

[Event "chess.com Speed 2020"]
[Site "chess.com INT"]
[Date "2020.12.13"]
[Round "4.110"]
[White "Vachier Lagrave,M"]
[Black "Nakamura,Hi"]
[Result "1-0"]
[WhiteElo "2784"]
[BlackElo "2736"]

1.e4 e5 2.Nf3 Nc6 3.Bb5 a6 4.Ba4 g6 5.Nc3 Bg7 6.h4 h6 7.d3 Nge7 8.Ne2 b5
9.Bb3 Na5 10.h5 g5 11.g4 d5 12.Nh2 c5 13.c3 Nxb3 14.axb3 Be6 15.Qc2 O-O 16.Ng3 Qd7
17.Nf5 Rfd8 18.Nf1 c4 19.bxc4 dxe4 20.dxe4 Nxf5 21.gxf5 Bxc4 22.f3 Bd3 23.Qb3 Bf8
24.Be3 Qc6 25.Kf2 a5 26.Nh2 a4 27.Qa2 Bc5 28.Ng4 Bc4 29.Qb1 Rd2+ 30.Kg3 Bxe3
31.Nxe3 Rad8 32.Ng4 R8d3 33.Re1 Qd6 34.Re3 Rxe3 35.Nxe3 Re2 36.Ng4 Qd2 37.Qc1 Rg2+
38.Kh3 Qe2 39.Qd1 Qxd1 40.Rxd1 Rxb2 41.Nxe5 a3 42.Nxc4 bxc4 43.Rd8+ Kg7 44.Ra8 Rb3
45.e5 a2 46.f6+ Kh7 47.Rxa2 Rxc3 48.Ra7 Rxf3+ 49.Kg2 Rf5 50.Rxf7+ Kg8 51.e6 c3
52.Rg7+  1-0

[Event "chess.com Speed 2020"]
[Site "chess.com INT"]
[Date "2020.12.13"]
[Round "4.19"]
[White "Nakamura,Hi"]
[Black "Vachier Lagrave,M"]
[Result "1-0"]
[WhiteElo "2736"]
[BlackElo "2784"]

1.e4 c5 2.Nf3 d6 3.Bc4 Nf6 4.d3 g6 5.e5 dxe5 6.Nxe5 e6 7.Qf3 Nbd7 8.Bb5 Be7
9.Bxd7+ Bxd7 10.Qxb7 Rb8 11.Qf3 Qc7 12.Nxd7 Nxd7 13.O-O O-O 14.Nd2 Ne5 15.Qg3 Rfc8
16.b3 Nc6 17.Qxc7 Rxc7 18.Nc4 Rd7 19.a3 Nd4 20.Ra2 g5 21.Be3 h5 22.Bxd4 Rxd4
23.Re1 Rc8 24.Raa1 Rc6 25.Re2 f6 26.g3 Kf7 27.Kg2 Rc7 28.h3 e5 29.Ne3 Kg6
30.g4 Bf8 31.f3 h4 32.Nf5 Rd8 33.Re4 a6 34.Ra4 Rc6 35.Kf2 Kf7 36.Ke2 Ke6
37.Rc4 Rdc8 38.Kd2 Be7 39.Re1 Kd7 40.f4 gxf4 41.Nxe7 Kxe7 42.Rxf4 Rd8 43.g5  1-0

[Event "chess.com Speed 2020"]
[Site "chess.com INT"]
[Date "2020.12.13"]
[Round "4.18"]
[White "Vachier Lagrave,M"]
[Black "Nakamura,Hi"]
[Result "0-1"]
[WhiteElo "2784"]
[BlackElo "2736"]

1.e4 e5 2.Nf3 Nc6 3.Bb5 a6 4.Ba4 g6 5.c3 Bg7 6.O-O Nge7 7.d4 b5 8.Bb3 exd4
9.cxd4 d6 10.Nc3 O-O 11.Nd5 h6 12.h3 Na5 13.Nxe7+ Qxe7 14.Bc2 c5 15.Bf4 Rd8
16.d5 Nc4 17.b3 Na3 18.Rc1 f5 19.Re1 Nxc2 20.Qxc2 fxe4 21.Rxe4 Qf7 22.Qe2 Bb7
23.Rd1 Bxd5 24.Re7 Bxf3 25.Qe3 Qxe7 26.Qxe7 Bxd1 27.Qe4 Kh7 28.Qd3 Rf8 29.Be3 d5
30.Qxd1 d4 31.Bc1 c4 32.h4 d3 33.h5 g5 34.Qg4 Rae8  0-1

[Event "chess.com Speed 2020"]
[Site "chess.com INT"]
[Date "2020.12.13"]
[Round "4.17"]
[White "Nakamura,Hi"]
[Black "Vachier Lagrave,M"]
[Result "1-0"]
[WhiteElo "2736"]
[BlackElo "2784"]

1.e4 c5 2.Nf3 d6 3.Bc4 Nf6 4.d3 a6 5.c3 b5 6.Bb3 e6 7.Nbd2 Bb7 8.O-O Be7
9.Re1 Nbd7 10.Bc2 Qc7 11.Nf1 O-O 12.Ng3 Rfe8 13.h3 Bf8 14.d4 Rac8 15.Bd3 e5
16.d5 c4 17.Bc2 g6 18.a4 Nc5 19.Be3 Nfd7 20.Nh2 Bg7 21.Qd2 Rf8 22.Bh6 f6
23.Ng4 Rf7 24.h4 Nf8 25.axb5 axb5 26.h5 Rb8 27.hxg6 hxg6 28.Bxg7 Kxg7 29.Qh6+ Kg8
30.Qh4 Kg7 31.Re3 Bc8 32.Nh6 Nh7 33.Nxf7 Qxf7 34.f4 Bd7 35.f5 Rh8 36.fxg6 Qxg6
37.Nf5+ Bxf5 38.exf5  1-0

[Event "chess.com Speed 2020"]
[Site "chess.com INT"]
[Date "2020.12.13"]
[Round "4.11"]
[White "Nakamura,Hi"]
[Black "Vachier Lagrave,M"]
[Result "1-0"]
[WhiteElo "2736"]
[BlackElo "2784"]

1.e4 c5 2.Nf3 d6 3.Bc4 Nf6 4.d3 a6 5.c3 b5 6.Bb3 e6 7.O-O Bb7 8.Nbd2 Be7
9.Re1 O-O 10.d4 Nbd7 11.Bc2 Qc7 12.e5 Nd5 13.Ne4 cxd4 14.exd6 Bxd6 15.Nxd6 Qxd6
16.Qxd4 Rac8 17.Bg5 Rc4 18.Qd3 g6 19.Rad1 Rfc8 20.Qe2 Qf8 21.Bb3 R4c7 22.Qd2 Nc5
23.Bc2 Rd7 24.Ne5 Rdc7 25.Ng4 h5 26.Ne5 Qg7 27.Bh4 Nd7 28.Nxg6 fxg6 29.Rxe6 Nf8
30.Rd6 Rd7 31.Rxd7 Nxd7 32.Qg5 Ne5 33.f4 Ne3 34.fxe5 Nxd1 35.Bb3+ Kh7 36.Bxd1 Rc5
37.Bg3 Rd5 38.Bc2 Qh6 39.Qxh6+ Kxh6 40.h4 Rd2 41.Bf4+  1-0

[Event "chess.com Speed 2020"]
[Site "chess.com INT"]
[Date "2020.12.13"]
[Round "4.12"]
[White "Vachier Lagrave,M"]
[Black "Nakamura,Hi"]
[Result "1/2-1/2"]
[WhiteElo "2784"]
[BlackElo "2736"]

1.e4 e5 2.Nf3 Nc6 3.Bb5 Nf6 4.O-O Nxe4 5.d4 Nd6 6.Bxc6 dxc6 7.dxe5 Nf5 8.Qxd8+ Kxd8
9.h3 Ke8 10.Nc3 h5 11.Bf4 Be7 12.Rad1 Be6 13.Ng5 Rh6 14.Rfe1 Bb4 15.a3 Bxc3
16.bxc3 h4 17.g4 hxg3 18.fxg3 Ne7 19.h4 Nd5 20.Bc1 b5 21.c4 bxc4 22.Rd4 c3
23.Rc4 Rb8 24.Rxc6 Rb1 25.Kf2 Kd7 26.Rc5 Rh8 27.Ne4 Rhb8 28.Nxc3 Nxc3 29.Rxc3 R8b5
30.h5 Rd5 31.Bf4 Rxe1 32.Kxe1 Bg4 33.e6+ Kxe6 34.Rc6+ Kf5 35.h6 gxh6 36.Rxc7 Ra5
37.Rxf7+ Kg6 38.Rc7 Rxa3 39.Rc6+ Kf5 40.Rxh6 Ra2 41.Kd2 Bf3 42.Ke3 Ra3+ 43.Kd4 Be2
44.Rc6 a5 45.c4 Rd3+ 46.Kc5 a4 47.Ra6 a3 48.Ra5 Kg4 49.Be5 Rd8 50.Kb4 Re8
51.Bd4 Kxg3 52.Rxa3+ Bf3 53.Ra7 Kf4 54.Rf7+ Ke4 55.Bb6 Bg2 56.Bc7 Rc8 57.Rf4+ Kd3
58.Bd6 Bc6 59.c5 Be4 60.Kb5 Ke3 61.Rh4 Bc6+ 62.Kb6 Bf3 63.Bc7 Re8 64.Rh6 Bd5
65.Rh3+ Kd4 66.Bd6 Rc8 67.Rh4+ Be4 68.Bc7 Re8 69.Rh2 Kc4 70.Rh6 Bd5 71.Bd6 Re6
72.Rh4+ Be4 73.Kc7 Kb5 74.Kd7 Bf5 75.Rf4 Bh3 76.Kc7 Rh6 77.Rf7 Bg2 78.Rf2 Rh7+
79.Kd8 Bd5 80.Be7 Rf7 81.Rxf7 Bxf7 82.Kd7 Bd5 83.c6 Bxc6+  1/2-1/2

[Event "chess.com Speed 2020"]
[Site "chess.com INT"]
[Date "2020.12.13"]
[Round "4.14"]
[White "Vachier Lagrave,M"]
[Black "Nakamura,Hi"]
[Result "1-0"]
[WhiteElo "2784"]
[BlackElo "2736"]

1.e4 e5 2.Nf3 Nc6 3.Bb5 Nf6 4.O-O Nxe4 5.d4 Nd6 6.Bxc6 dxc6 7.dxe5 Nf5 8.Qxd8+ Kxd8
9.h3 Ke8 10.Nc3 h5 11.Bf4 Be7 12.Rad1 Be6 13.Ng5 Rh6 14.Rfe1 Bb4 15.a3 Bxc3
16.bxc3 h4 17.g4 hxg3 18.fxg3 Ne7 19.h4 Nd5 20.Bc1 b5 21.Rd4 Nb6 22.Ne4 Rh5
23.Nc5 Rd8 24.Rxd8+ Kxd8 25.Nxe6+ fxe6 26.g4 Rh8 27.h5 Nd5 28.Bd2 Ke7 29.Kg2 c5
30.Kg3 c4 31.Rh1 c5 32.Rb1 Rb8 33.g5 b4 34.axb4 cxb4 35.cxb4 c3 36.Be1 Rxb4
37.Ra1 Nf4 38.Rxa7+ Kf8 39.Ra8+ Kf7 40.g6+ Ke7 41.Ra7+ Ke8 42.h6 Nh5+ 43.Kh3 gxh6
44.g7 Nxg7 45.Rxg7 Re4  1-0

[Event "Titled Tuesday 15th Dec"]
[Site "chess.com INT"]
[Date "2020.12.15"]
[Round "1"]
[White "Nakamura,Hi"]
[Black "Delgadillo,Adonay"]
[Result "1-0"]
[WhiteElo "2736"]
[BlackElo "2236"]

1.Nf3 c5 2.b3 d6 3.Bb2 Nc6 4.d4 cxd4 5.Nxd4 Nf6 6.g3 Bd7 7.Bg2 g6 8.Nxc6 Bxc6
9.e4 Bg7 10.O-O O-O 11.Re1 Rc8 12.c4 b5 13.cxb5 Bxb5 14.Qd2 Bc6 15.Na3 Ba8
16.Rad1 Qb6 17.Nc4 Qa6 18.Bd4 Rfd8 19.Qa5 Qxa5 20.Nxa5 Rc2 21.Bxf6 exf6 22.a4 Bf8
23.Rd3 Re8 24.Red1 Bxe4 25.Bxe4 Rxe4 26.Nc4 Ree2 27.Rf3 f5 28.Kf1 h5 29.h4 Ra2
30.Nxd6 Red2 31.Rxd2 Rxd2 32.Nc4 Bb4 33.Nxd2  1-0

[Event "Titled Tuesday 15th Dec"]
[Site "chess.com INT"]
[Date "2020.12.15"]
[Round "2"]
[White "Mohammad Fahad,Rahman"]
[Black "Nakamura,Hi"]
[Result "0-1"]
[WhiteElo "2319"]
[BlackElo "2736"]

1.e4 g6 2.d4 Bg7 3.Nc3 a6 4.a4 d6 5.Nf3 Bg4 6.Be2 Nc6 7.Be3 e5 8.d5 Nce7
9.O-O Nf6 10.Qd2 O-O 11.h3 Bxf3 12.Bxf3 Nd7 13.b4 f5 14.Bg5 a5 15.bxa5 Nc5
16.Rfe1 Rxa5 17.exf5 gxf5 18.Bh5 Ra6 19.a5 Kh8 20.Ra3 Bf6 21.Bh6 Rg8 22.Be3 Ng6
23.Kh1 Nd7 24.Qe2 Bg5 25.Nb5 Bxe3 26.fxe3 Nh4 27.Rg1 Nc5 28.g4 c6 29.dxc6 bxc6
30.Nd4 Rxa5 31.Nxc6 Qa8 32.Rxa5 Qxc6+ 33.e4 Nxe4 34.Kh2 Nc3 35.Qf2 Nf3+ 36.Kg3 Ne4+
37.Kxf3 Nxf2+ 38.Kxf2 Qb6+  0-1

[Event "Titled Tuesday 15th Dec"]
[Site "chess.com INT"]
[Date "2020.12.15"]
[Round "3"]
[White "Nakamura,Hi"]
[Black "Muradli,Mahammad"]
[Result "1-0"]
[WhiteElo "2736"]
[BlackElo "2449"]

1.Nf3 Nf6 2.b3 g6 3.Bb2 Bg7 4.d4 O-O 5.e3 b6 6.Be2 Bb7 7.O-O d6 8.c4 Nbd7
9.Qc2 e5 10.dxe5 dxe5 11.Nxe5 Nxe5 12.Bxe5 Qe7 13.Bc3 a5 14.Nd2 Rfd8 15.Rfd1 a4
16.Bf3 Bxf3 17.Nxf3 Qe4 18.Qe2 c5 19.Rxd8+ Rxd8 20.Rd1 Ra8 21.Qb2 Ne8 22.Bxg7 Nxg7
23.Ne5 Nh5 24.h3 a3 25.Qc3 Nf6 26.f3 Qf5 27.Nd3 Rd8 28.Rd2 Nh5 29.Kf2 Qg5
30.Ne1 Qh4+ 31.Kf1 Ng3+ 32.Kg1 Re8 33.Nc2 Nf5 34.e4 Ng7 35.Ne3 Ne6 36.Rd1 Nd4
37.Qd2 Qg3 38.Qf2 Qe5 39.Ng4 Qg7 40.Qh4 Re6 41.Qd8+ Qf8 42.Qxf8+ Kxf8 43.Nf2 f5
44.Kf1 Ke7 45.b4 Kd6 46.Rd3 Kc6 47.b5+ Kb7 48.Rxa3 Re8 49.h4 Rf8 50.Kg1 Re8
51.Kh2 h6 52.g4 fxe4 53.Nxe4 Rf8 54.Kg2 Ne2 55.Re3 Nf4+ 56.Kg3 Kc7 57.Nc3 g5
58.hxg5 hxg5 59.Re5 Ra8 60.Rxg5 Nd3 61.Rg6 Ra3 62.Nd5+ Kd8 63.Rd6+ Ke8 64.Rxb6 Ne5
65.Re6+  1-0

[Event "Titled Tuesday 15th Dec"]
[Site "chess.com INT"]
[Date "2020.12.15"]
[Round "4"]
[White "Shirov,A"]
[Black "Nakamura,Hi"]
[Result "0-1"]
[WhiteElo "2662"]
[BlackElo "2736"]

1.e4 e5 2.Nf3 Nc6 3.Bb5 a6 4.Ba4 g6 5.c3 Bg7 6.d4 b5 7.Bc2 exd4 8.cxd4 d5
9.exd5 Nce7 10.O-O Nf6 11.Nc3 O-O 12.Bg5 Nexd5 13.Be4 Be6 14.Ne5 Rc8 15.Qf3 c6
16.Rac1 Qd6 17.Nxd5 Nxd5 18.Bh4 Nb4 19.Qa3 Qxd4 20.Nxc6 Nxc6  0-1